| 000 | 00377nam a2200145Ia 4500 | ||
|---|---|---|---|
| 008 | 210210b1989 xxu||||| |||| 00| 0 eng d | ||
| 020 | _a81 229 0010 0 | ||
| 082 | _a954 SPEI | ||
| 100 | _aSPEAR (Percival). | ||
| 245 | _aIndia a modern history. Rev Ed. | ||
| 260 |
_aDelhi. _bSurjeet Publications., _c1989 |
||
| 300 | _ax,511,xix | ||
| 690 | _aIndian History | ||
| 906 | _a045641 | ||
| 999 |
_c94828 _d94828 |
||